MCR Discography - Statistics

General Stats
  • This quiz has been taken 40 times
  • The average score is 41 of 96
Answer Stats
Hint Answer % Correct
Danger Days: The True Lives of the Fabulous Killjoys S/C/A/R/E/C/R/O/W
100%
Three Cheers for Sweet Revenge Helena
90%
The Black Parade Welcome to the Black Parade
85%
The Black Parade I Don't Love You
80%
Danger Days: The True Lives of the Fabulous Killjoys Na Na Na (Na Na Na Na Na Na Na Na Na)
75%
Three Cheers for Sweet Revenge The Ghost of You
75%
I Brought You My Bullets, You Brought Me Your Love This is the Best Day Ever
75%
Three Cheers for Sweet Revenge To The End
75%
I Brought You My Bullets, You Brought Me Your Love Vampires will never hurt you
75%
The Black Parade Dead!
70%
The Black Parade House of Wolves
70%
The Black Parade B-Sides My Way Home is Through You
70%
I Brought You My Bullets, You Brought Me Your Love Romance
70%
The Black Parade The End.
70%
Danger Days: The True Lives of the Fabulous Killjoys The Only Hope for Me Is You
70%
Cover All I Want For Christmas is You
65%
The Black Parade Cancer
65%
I Brought You My Bullets, You Brought Me Your Love Demolition Lovers
65%
Three Cheers for Sweet Revenge I'm Not Okay (I Promise)
65%
The Black Parade Mama
65%
Danger Days: The True Lives of the Fabulous Killjoys SING
65%
Three Cheers for Sweet Revenge The Jetset Life is Gonna Kill You
65%
Danger Days: The True Lives of the Fabulous Killjoys Summertime
60%
The Black Parade Teenagers
60%
The Black Parade Blood
55%
The Black Parade Famous Last Words
55%
The Black Parade B-Sides KIll All Your Friends
55%
Unreleased Sister to Sleep
55%
Danger Days: The True Lives of the Fabulous Killjoys Destroya
50%
I Brought You My Bullets, You Brought Me Your Love Early Sunsets over Monroeville
50%
Danger Days: The True Lives of the Fabulous Killjoys Goodnite Dr Death
50%
I Brought You My Bullets, You Brought Me Your Love Honey This Mirror Isn't Big Enough for the Two of Us
50%
Danger Days: The True Lives of the Fabulous Killjoys Party Poison
50%
The Black Parade Sleep
50%
Danger Days: The True Lives of the Fabulous Killjoys Vampire Money
50%
Three Cheers for Sweet Revenge You Know What They Do To Guys Like Us in Prison
50%
Conventional Weapons Number 1 Boy Division
45%
Three Cheers for Sweet Revenge Cemetery Drive
45%
I Brought You My Bullets, You Brought Me Your Love Cubicles
45%
The Black Parade Disenchanted
45%
I Brought You My Bullets, You Brought Me Your Love Drowning Lessons
45%
Three Cheers for Sweet Revenge Give Em Hell Kid
45%
Conventional Weapons Number 2 Gun.
45%
Three Cheers for Sweet Revenge It's not a Fashion Statement, It's a Deathwish
45%
Danger Days: The True Lives of the Fabulous Killjoys Planetary (GO!)
45%
Three Cheers for Sweet Revenge Thank You for the Venom
45%
The Black Parade The Sharpest Lives
45%
Conventional Weapons Number 2 AMBULANCE
40%
Life On the Murder Scene Bury Me in Black
40%
Watchmen Soundtrack Desolation Row
40%
Three Cheers for Sweet Revenge Hang em High
40%
Three Cheers for Sweet Revenge Interlude
40%
Danger Days: The True Lives of the Fabulous Killjoys Jet Star and the Kobra KId/Traffic Report
40%
I Brought You My Bullets, You Brought Me Your Love Our Lady of Sorrows
40%
I Brought You My Bullets, You Brought Me Your Love Skylines and Turnstiles
40%
Single (2022) The Foundations of Decay
40%
Conventional Weapons Number 3 The Light Behind Your Eyes
40%
The Black Parade This is How I Disappear
40%
Life On the Murder Scene Desert Song
35%
The Black Parade/Living With Ghosts Emily
35%
Yo Gabba Gabba Hey! (2017) Every Snowflake Is Different (Just Like You)
35%
May Death Never Stop You Fake Your Death
35%
Danger Days: The True Lives of the Fabulous Killjoys Look Alive, Sunshine
35%
Cover Under Pressure
35%
The Black Parade/Living With Ghosts All The Angels
30%
Danger Days: The True Lives of the Fabulous Killjoys Bulletproof Heart
30%
I Brought You My Bullets, You Brought Me Your Love Headfirst for halos
30%
Three Cheers for Sweet Revenge I Never Told You What I Do For a Living
30%
Conventional Weapons Number 4 Make Room!!!!!
30%
The Black Parade/Living With Ghosts Party at the End of the World
30%
Danger Days: The True Lives of the Fabulous Killjoys Save Yourself, I'll Hold Them Back
30%
Danger Days: The True Lives of the Fabulous Killjoys The Kids from Yesterday
30%
Danger Days Bonus Track Zero Percent
30%
Mad Gear and Missile Kid EP Black Dragon Fighting Society
25%
Mad Gear and Missile Kid EP F.T.W.W.W
25%
The Black Parade B-Sides Heaven Help Us
25%
Conventional Weapons Number 4 Kiss the Ring
25%
The Black Parade/Living With Ghosts Not that Kind of Girl
25%
The Black Parade/Living With Ghosts The Five of Us are Dying
25%
Conventional Weapons Number 3 The World is Ugly
25%
Conventional Weapons Number 1 Tomorrow's Money
20%
Cover Astro Zombies
15%
Cover Jack the Ripper
15%
Mad Gear and Missile Kid EP Mastas of Ravenkroft
15%
#SING Sing It For Japan
15%
Danger Days Bonus Track We Don't Need Another Song About California
15%
Conventional Weapons Number 5 Burn Bright
10%
Cover Song 2
10%
Conventional Weapons Number 5 Surrender the Night
10%
Unreleased The Drugs
10%
Unreleased War Beneath The Rain
10%
Cover Common People
5%
Unreleased Hell Hath No Fury
5%
May Death Never Stop You Knives/Sorrow
5%
Unreleased Someone Out There Loves You/Stay
5%
Unreleased The Witch
0%
No matching quizzes found
Score Distribution
Percent of People with Each Score
Percentile by Number Answered
Your Score History
You have not taken this quiz